Szczegóły MARC21

Technical analysis for the trading professional : strategies and techniques for today's turbulent global financial markets /

003 -Nazwa inst., której nr kontr. jest w polu 001 [,]
    • @
    • Nazwa instytucji, której n kontrolny jest w polu 001
    • NUKAT
005 -DATA I CZAS OSTATNIEJ MODYFIKACJI [,]
    • @
    • pole kontrolne
    • 20241231110825.0
020 -Międzynarod. znormalizowany nr książki - ISBN [ , ]
    • a
    • Numer ISBN
    • 9780071759144 Find
    • q
    • Dopowiedzenie
    • alk. paper
020 -Międzynarod. znormalizowany nr książki - ISBN [ , ]
    • a
    • Numer ISBN
    • 007175914X Find
    • q
    • Dopowiedzenie
    • alk. paper
040 -Instytucja sporządzająca opis [ , ]
    • a
    • Instytucja, która sporządziła opis (NP)
    • SZCZ U/JS
    • c
    • Instytucja, która sporządziła rekord (NP)
    • SZCZ U/JS
    • d
    • Instytucja, która zmodyfikowała rekord (P)
    • SZCZ U/MSZ
942 -Rodzaj dokumentu [ , ]
    • c
    • Rodzaj dokumentu
    • Książka
100 -Hasło główne - nazwa osobowa [1, ]
    • a
    • Nazwa osobowa (NP)
    • Brown, Constance M.
    • 9
    • KHW
    • 86400
245 -Strefa tytułu i oznaczenia odpowiedzialności [1,0]
    • a
    • Tytuł
    • Technical analysis for the trading professional : Find
    • b
    • Ciąg dalszy tytułu (NP)
    • strategies and techniques for today's turbulent global financial markets / Find
    • c
    • Pozostałe elementy strefy tytułu i oznaczenia odpowiedzialności (NP)
    • Constance M. Brown.
250 -Strefa wydania [ , ]
    • a
    • Oznaczenie wydania (NP)
    • 2nd ed.
260 -Strefa adresu wydawniczego [ , ]
    • a
    • Miejsce wydania (P)
    • New York [etc.] :
    • b
    • Nazwa wydawcy (P)
    • McGraw-Hill,
    • c
    • Data wydania (P)
    • cop. 2012.
300 -Strefa opisu fizycznego [ , ]
    • a
    • Określenie formy książki i/lub objętość (NP)
    • XIV, 450 s. :
    • b
    • Oznaczenie ilustracji (NP)
    • il. ;
    • c
    • Format (NP)
    • 24 cm.
336 -Typ zawartości [ , ]
    • a
    • Termin opisujący typ zawartości
    • Tekst
    • b
    • Kod określający zawartość
    • txt
    • 2
    • Źródło (terminu i kodu)
    • rdacontent
337 -Typ mediów [ , ]
    • a
    • Tryb odtwarzania
    • Bez urządzenia pośredniczącego
    • b
    • Kod typu mediów
    • n
    • 2
    • Źródło (terminu i kodu)
    • rdamedia
338 -Typ/rodzaj nośnika [ , ]
    • a
    • Hasło opisujące typ nośnika
    • Wolumin
    • b
    • Kod typu nośnika
    • nc
    • 2
    • Źródło (terminu i kodu)
    • rdacarrier
504 -Uwaga dot. bibliogr. załącznikowej [ , ]
    • a
    • Uwaga dot. bibliografii załącznikowej
    • Indeks.
080 -Uniwersalna Klasyfikacja Dziesiętna [ , ]
    • 2
    • Identyfikator wydania tablic
    • UDC-P058
    • 9
    • UKD
    • 2959
    • a
    • Symbol klasyfikacji
    • 330.322.5
    • b
    • Dopowiedzenie
    • Rentowność, efektywność inwestycji. Kalkulacja kosztów inwestycji. Mierzenie efektywności inwestycji.
    • 4
    • UKD2
    • 7644
    • x
    • Poddział wspólny
    • =111
    • c
    • Dopowiedzenie poddz. wspólnego
    • =Język angielski.
080 -Uniwersalna Klasyfikacja Dziesiętna [ , ]
    • 2
    • Identyfikator wydania tablic
    • UDC-P058
    • 9
    • UKD
    • 3192
    • a
    • Symbol klasyfikacji
    • 336.76
    • b
    • Dopowiedzenie
    • Giełda papierów wartościowych. Rynek pieniężny. Rynek kapitałowy. Rynek finansowy.
    • 4
    • UKD2
    • 7644
    • x
    • Poddział wspólny
    • =111
    • c
    • Dopowiedzenie poddz. wspólnego
    • =Język angielski.
980 -Symbol UKD [ , ]
    • a
    • UKD
    • 330.322.5:336.76]=111
710 -Hasło dodatkowe - nazwa ciała zbiorowego [2, ]
    • a
    • Nazwa ciała zbiorowego lub nazwa geograficzna jako pierwszy element (NP)
    • McGraw-Hill Companies.
    • 4
    • Kod relacji
    • pbl
    • 9
    • KHW
    • 50887
920 -ISBN [ , ]
    • a
    • ISBN
    • 978-0-07-175914-4 Find
    • q
    • Dopowiedzenie
    • alk. paper
920 -ISBN [ , ]
    • a
    • ISBN
    • 0-07-175914-X Find
    • q
    • Dopowiedzenie
    • alk. paper
Status udost. Numer inwentarzowy Sygnatura Data inwentaryzacji Obwoluta Lokalizacja
-2T.17357T.173572014-06-101T